Sports Quiz

Random Sports Quiz
Score 0/60 Timer 15:00
0 Plays Today
Hint Answer % Correct
2012/13Christian Dahl Andersen
85.2%
2010/11Christian Dahl Andersen
85.2%
2013/14Dan Kissel
81.5%
2006/07Mats Zuccarello
77.8%
2007/08Mats Zuccarello
77.8%
2003/04Jari Kesti
74.1%
2012/13Martin Strandfeldt
74.1%
2011/12Martin Strandfeldt
74.1%
2010/11Martin Strandfeldt
74.1%
2004/05Lars Erik Spets
70.4%
2006/07Jonas Andersen
70.4%
2007/08Cam Abbott
70.4%
2008/09Jonas Andersen
70.4%
2011/12Knut Henrik Spets
70.4%
2010/11Jonas Andersen
70.4%
2009/10Knut Henrik Spets
70.4%
2009/10Jonas Andersen
70.4%
2007/08Chris Abbott
66.7%
2014/15Christian Larrivee
66.7%
2003/04Ilya Dubkov
59.3%
2003/04Tomi Suoniemi
59.3%
2004/05Ilya Dubkov
59.3%
2005/06Mads Hansen
59.3%
2013/14Sondre Olden
59.3%
2012/13Justin Donati
59.3%
2003/04Teemu Kohvakka
55.6%
2008/09Henrik Malmström
55.6%
2014/15Henrik Malmström
55.6%
2014/15Brian Ihnacak
55.6%
2013/14Kenny Corupe
55.6%
Hint Answer % Correct
2012/13James Sixsmith
55.6%
2010/11Henrik Malmström
55.6%
2013/14Morten Ask
51.9%
2005/06Patrick Yetman
48.1%
2008/09Henric Höglund
48.1%
2014/15Denny Kearney
48.1%
2011/12Ryan MacMurchy
48.1%
2003/04Tommy Kiviaho
40.7%
2004/05Tomi Pöllänen
37%
2007/08Nathan Martz
37%
2008/09Tomi Pöllänen
37%
2014/15Eric Castonguay
37%
2009/10Tomi Pöllänen
37%
2011/12Gino Guyer
33.3%
2010/11Gino Guyer
33.3%
2013/14Jeff LoVecchio
29.6%
2004/05Nick Smith
25.9%
2007/08Marcus Eriksson
25.9%
2005/06Tomas Srsen
22.2%
2005/06Nicklas Rahm
22.2%
2006/07Mathis Olimb
22.2%
2005/06Martin Kariya
18.5%
2009/10Marco Charpentier
18.5%
2008/09Tim Konsorada
14.8%
2012/13Brad Schell
14.8%
2011/12Shay Stephenson
14.8%
2009/10Alexander Larsson
11.1%
2004/05Markku Takala
7.4%
2006/07Mike Oliveira
3.7%
2006/07Kent Lindberg
3.7%
Come Together.
Have Fun.
All Virtual.
We all need to come together. Play Sporcle's virtual live trivia to have fun, connect with people, and get your trivia on. Join a live hosted trivia game for your favorite pub trivia experience done virtually. If a virtual private party is more your thing, go here for details.

You're not logged in!

Compare scores with friends on all Sporcle quizzes.
OR
Log In

Sporcle TV

Today on Sporcle TV


Watch our educational content, quiz creation guides, and fun videos on Sporcle TV.

Show Comments

Extras

Created Jan 2, 2016ReportNominate
Tags:League, Scorer, Top Scorers

Top Quizzes Today


Score Distribution

Paid Content

Your Account Isn't Verified!

In order to create a playlist on Sporcle, you need to verify the email address you used during registration. Go to your Sporcle Settings to finish the process.

Report this User

Report this user for behavior that violates our Community Guidelines.

Details: